Statistiques concernant Départements français contenant chaque lettre A-Z

Cliquez ici pour prendre le quiz!

Statistiques générales

  • Ce quiz a été pris 1 594 fois
  • Le résultat moyen est 173 sur 234

Statistiques - réponses

InitialeContient# PossibleExempleDépartement% Correct
AA11Ain
93%
AI5Ain
91%
AN5Ain
91%
AE10Aisne
90%
HH12Hautes-Alpes
89%
HT12Hautes-Alpes
89%
HU12Hautes-Alpes
89%
LE8Landes
89%
LL9Landes
89%
HA12Hautes-Alpes
89%
CC10Calvados
88%
LO8Loir-et-Cher
88%
LR7Loir-et-Cher
88%
MM10Maine-et-Loire
88%
HE11Hautes-Alpes
88%
GG5Gard
87%
PS4Pas-de-Calais
87%
ME9Maine-et-Loire
87%
VV7Var
87%
PA4Pas-de-Calais
87%
PP5Pas-de-Calais
87%
PI4Pas-de-Calais
87%
SE7Saône-et-Loire
86%
MA7Maine-et-Loire
86%
SS7Saône-et-Loire
86%
LI5Loir-et-Cher
86%
HR7Haute-Corse
86%
MN6Maine-et-Loire
86%
AS4Aisne
86%
CE8Charente
86%
CR8Charente
86%
SA6Saône-et-Loire
85%
GD3Gard
85%
MR5Maine-et-Loire
85%
AR7Allier
85%
VE6Vaucluse
84%
GE4Gers
84%
HS6Hautes-Alpes
84%
BH2Bouches-du-Rhône
84%
BN2Bouches-du-Rhône
84%
BB2Bouches-du-Rhône
84%
BR2Bouches-du-Rhône
84%
BS2Bouches-du-Rhône
84%
SI5Saône-et-Loire
83%
PR3Pyrénées-Atlantiques
83%
MO5Maine-et-Loire
83%
IE4Ille-et-Vilaine
83%
CA5Calvados
83%
LA4Landes
83%
CS4Calvados
83%
LN4Landes
83%
CO5Calvados
83%
II4Ille-et-Vilaine
83%
AD4Alpes-de-Haute-Provence
82%
HO5Haute-Corse
82%
GA3Gard
82%
ST5Saône-et-Loire
82%
LT5Loir-et-Cher
82%
GR3Gard
82%
HN7Haute-Garonne
82%
HI5Haute-Loire
82%
CD4Calvados
82%
VA4Var
82%
FR1Finistère
81%
FN1Finistère
81%
FI1Finistère
81%
FF1Finistère
81%
FS1Finistère
81%
FE1Finistère
81%
GO2Gironde
81%
PE4Pas-de-Calais
81%
FT1Finistère
81%
DD4Dordogne
81%
GN2Gironde
80%
MI3Maine-et-Loire
80%
AL3Allier
80%
MT4Maine-et-Loire
80%
NN2Nièvre
80%
NR2Nièvre
80%
PL3Pas-de-Calais
80%
SR4Saône-et-Loire
80%
CT5Cantal
80%
YE2Yvelines
79%
VS3Vaucluse
79%
SN4Saône-et-Loire
79%
YN2Yvelines
79%
YY2Yvelines
79%
DO3Dordogne
79%
VR2Var
78%
IN3Ille-et-Vilaine
78%
MH3Manche
78%
IR3Indre
78%
HL3Hautes-Alpes
78%
AU3Alpes-de-Haute-Provence
77%
TT3Tarn
77%
SO3Saône-et-Loire
77%
TR3Tarn
77%
VN3Vendée
77%
EE3Eure
77%
JR1Jura
76%
SM3Seine-Maritime
76%
JU1Jura
76%
DR3Dordogne
76%
DE3Dordogne
76%
JA1Jura
76%
JJ1Jura
76%
MU3Meurthe-et-Moselle
76%
VL3Vaucluse
76%
CU2Corse-du-Sud
75%
BE1Bouches-du-Rhône
75%
BU1Bouches-du-Rhône
75%
CH3Charente
75%
BD1Bouches-du-Rhône
75%
BO1Bouches-du-Rhône
75%
BC1Bouches-du-Rhône
75%
IT2Ille-et-Vilaine
75%
IL2Ille-et-Vilaine
75%
LU2Loire-Atlantique
75%
NO1Nord
74%
AP2Alpes-de-Haute-Provence
74%
AC2Alpes-de-Haute-Provence
74%
YL1Yvelines
74%
PY3Puy-de-Dôme
74%
DS2Doubs
74%
DU2Doubs
74%
AT2Alpes-de-Haute-Provence
74%
CL2Calvados
74%
PD2Pas-de-Calais
74%
YV1Yvelines
74%
YI1Yvelines
74%
YS1Yvelines
74%
ND1Nord
74%
AH2Alpes-de-Haute-Provence
74%
CN3Cantal
73%
MY2Mayenne
73%
CM2Charente-Maritime
73%
RE1Rhône
73%
RH1Rhône
73%
RN1Rhône
73%
RO1Rhône
73%
RR1Rhône
73%
AO2Alpes-de-Haute-Provence
73%
VD3Vendée
73%
AV2Alpes-de-Haute-Provence
73%
EO2Eure-et-Loir
73%
TE2Tarn-et-Garonne
72%
OO2Oise
72%
TO2Tarn-et-Garonne
72%
TA2Tarn
72%
TN2Tarn
72%
OE2Oise
72%
ML3Maine-et-Loire
72%
EU2Eure
71%
GI1Gironde
71%
ER2Eure
71%
GU2Guadeloupe
71%
PO2Puy-de-Dôme
71%
BA1Bas-Rhin
70%
YO1Yonne
70%
HV2Haute-Savoie
70%
BI1Bas-Rhin
70%
ID2Indre
69%
PU2Puy-de-Dôme
69%
PT2Pyrénées-Atlantiques
69%
VI2Vienne
69%
PN2Pyrénées-Atlantiques
69%
MS3Meurthe-et-Moselle
69%
PC1Pas-de-Calais
69%
DB1Doubs
69%
AB1Aube
69%
GP1Guadeloupe
68%
GL1Guadeloupe
68%
IS1Isère
68%
VC1Vaucluse
68%
VO2Vosges
68%
OI1Oise
68%
AM1Alpes-Maritimes
68%
VU1Vaucluse
68%
OS1Oise
68%
HP2Hautes-Alpes
67%
DG1Dordogne
67%
DN1Dordogne
67%
HC1Haute-Corse
66%
AY1Aveyron
66%
MQ1Martinique
65%
TG1Tarn-et-Garonne
65%
ET1Eure-et-Loir
64%
EL1Eure-et-Loir
64%
EI1Eure-et-Loir
64%
CZ1Corrèze
64%
CV1Calvados
64%
MB1Morbihan
64%
IO1Indre-et-Loire
63%
IA1Ille-et-Vilaine
63%
GY1Guyane
63%
IV1Ille-et-Vilaine
63%
PQ1Pyrénées-Atlantiques
62%
GS1Gers
62%
NE1Nièvre
61%
SV1Savoie
61%
NI1Nièvre
61%
HG1Haute-Garonne
61%
NV1Nièvre
61%
AG1Ariège
61%
DM1Drôme
60%
CI1Charente-Maritime
59%
LZ1Lozère
59%
LQ1Loire-Atlantique
59%
ES1Essonne
58%
ON1Orne
58%
LH1Loir-et-Cher
58%
OR1Orne
58%
EN1Essonne
58%
LC1Loir-et-Cher
58%
VG1Vosges
58%
DX1Deux-Sèvres
57%
DV1Deux-Sèvres
57%
LS1Landes
56%
LD1Landes
56%
MC1Manche
55%
TL1Territoire de Belfort
54%
TI1Territoire de Belfort
54%
LG1Lot-et-Garonne
54%
TF1Territoire de Belfort
54%
TD1Territoire de Belfort
54%
TB1Territoire de Belfort
54%
SD1Seine-Saint-Denis
54%
SL1Saône-et-Loire
54%
SH1Sarthe
53%
HY1Hautes-Pyrénées
53%
PM1Puy-de-Dôme
52%
VM1Val-de-Marne
52%
HM1Haute-Marne
51%
HD1Hauts-de-Seine
49%

Distribution des résultats

Percentile par nombre de réponses

% des personnes avec chaque résultat

Votre développement - résultats

Vous n’avez pas pris ce quiz